000 00715nam a2200241Ia 4500
003 OSt
005 20220925220602.0
006 a|||||r|||| 00| 0
007 ta
008 220923b |||||||| |||| 00| 0 eng d
037 _cGeneral Book
040 _aRTL
_cRTL
_beng
041 _2eng
_aeng
082 _aY9(W,4).3.N7, L0
100 _aBerry David
_9120751
245 0 _aSociology of gross roots politics
_b A study of part Membership.
260 _aLondon
_bMacmillan
_c1970
300 _a155p
_ccm.
500 _aBibliography: p 145-150; Appendix: p 135-144
650 _aPolitical Sociology
942 _hY9(W,4).3.N7, L0
_cGB
_2CC
999 _c571818
_d571818